Econometric Analysis of Monetary and Fiscal Policy Impacts Using DSGE Model diplomová práca

Na minha lista:
Detalhes bibliográficos
Autor principal: Csápai, Ádám, 1996-
Autor Corporativo: Fakulta hospodárskej informatiky EU. Katedra operačného výskumu a ekonometrie
Outros Autores: Lukáčik, Martin, 1974-
Formato: Livro
Idioma:inglês
Publicado em: Bratislava 2021
Tags: Adicionar Tag
Sem tags, seja o primeiro a adicionar uma tag!

MARC

LEADER 00000nbm a2200000 4500
001 0274551
005 20220316091322.8
041 0 |a eng 
044 |a SK 
245 1 0 |a Econometric Analysis of Monetary and Fiscal Policy Impacts Using DSGE Model  |b diplomová práca  |c Ádám Csápai ; školiteľ: Martin Lukáčik 
264 1 |a Bratislava  |c 2021 
300 |a 67 s. 
100 1 |a Csápai, Ádám, 1996- 
700 1 |a Lukáčik, Martin, 1974- 
710 2 |a Fakulta hospodárskej informatiky EU. Katedra operačného výskumu a ekonometrie